000 00645nam a2200193Ia 4500
003 OSt
005 20251112162954.0
008 210210b2017 xxu||||| |||| 00| 0 eng d
040 _cAL
041 _aKannada
082 _aK494 MADB
100 _aMADHAVA CHIPPALI
_9215465
_dಮಾಧವ ಚಿಪ್ಪಾಳಿ
245 _aNudiyodalu: bhashe tatva kavite kurita prabandhagalu
_bನುಡಿಯೊಡಲು: ಭಾಷೆ ತತ್ವ ಕವಿತೆ ಕುರಿತ ಪ್ರಬಂಧಗಳು
260 _aSagara
_bAkshara Prakashana
_c2017
300 _a91
690 _aKannada Language
_9215472
906 _a072243
942 _2ddc
_cBK
999 _c122077
_d122077